Standard Guide for Assessing Thermal Stability of Materials by Methods of Accelerating Rate Calorimetry. ASTM Designation: E1981-98 (Reapproved 2004)

Guardado en:
Detalles Bibliográficos
Formato: Libro
Publicado: ASTM International
Etiquetas: Agregar Etiqueta
Sin Etiquetas, Sea el primero en etiquetar este registro!

MARC

LEADER 00000nam a22000003a 4500
001 stu253308
005 20141123180801.3
008 120807s--------xxu---------------------d
040 |a STU  |b slo 
041 0
044 |a xxu 
245 |a Standard Guide for Assessing Thermal Stability of Materials by Methods of Accelerating Rate Calorimetry. ASTM Designation: E1981-98 (Reapproved 2004) 
260 |b ASTM International 
500 |a Licencia pre STU, Bratislava 
996 |b 284M081357  |c M*N-1514-1  |l MMKN  |s A  |a 24  |w stu253308_0001